Aurinkoisimmat valtiot - Statistics

Yleistilastot
  • Tätä visaa on pelattu 646 kertaa
  • Keskiarvotulos 14 / 20
Vastaustilastot
% Maanosa Valtio % Oikein
14,5 Afrikka Egypti
87%
21,0 Afrikka Algeria
82%
28,1 Oseania Australia
82%
25,1 Afrikka Niger
80%
17,7 Afrikka Libya
79%
22,6 Aasia Saudi-Arabia
79%
21,4 Afrikka Sudan
75%
26,1 Aasia Oman
74%
20,6 Afrikka Tšad
72%
24,4 Aasia Irak
69%
23,0 Aasia Qatar
66%
25,5 Afrikka Etelä-Afrikka
65%
27,5 Afrikka Mauritania
65%
22,3 Aasia Yhdistyneet arabiemiraatit
61%
28,7 Aasia Israel
60%
24,0 Afrikka Namibia
60%
21,1 Aasia Jordania
57%
24,4 Aasia Bahrain
55%
23,9 Afrikka Botswana
46%
28,5 Afrikka Djibouti
42%
Ehtoja vastaavia visoja ei löytynyt
Tulosjakauma
Jokaisen tuloksen saaneiden osuus
Persentiili vastausten määrän mukaan
Tuloshistoriasi
Et ole pelannut tätä visaa